Регионална библиотека "Любен Каравелов" - Русе

Сталин (Запис номер 79876)

MARC детайли
000 -Лидер
Контролно поле с фиксирана дължина 01688nam a2200361 c 4500
003 - Код на организацията, давaща контролен номер
Контролно поле BLK
005 - Дата и час на последна редакция
Контролно поле 20211220134517.0
008 - Елементи от данни с фиксирана дължина
fixed length control field 180408b bul|||||r ||||||| ||bul||
010 ## - Наследен системен номер
LC control number KNG00084358000
020 ## - Международен стандартен номер на книга ISBN
Международен стандартен номер на книга ISBN 978-954-320-161-7
-- издат.: Рива
040 ## - Източник на каталожния запис
Идентификатор на билиотеката - собственик на записа BLK
041 ## - Код за език
Код за езика на текст/звукозапис или на отделно заглавие Български
Код за езика КДБФ Български
080 ## - УДК
Текстов определител УДК Американска литература (на САЩ)
УДК код - определител по УДК 821.111(73)
УДК определител -312.6
УДК - код + определител 821.111(73)-312.6
080 ## - УДК
Текстов определител УДК История на Русия и СССР. Вж и 936 ; 957
УДК код - определител по УДК 94(470)
УДК определител (092)(0:82-31)
УДК - код + определител 94(470)(092)(0:82-31)
080 ## - УДК
Текстов определител УДК Джугашвили. Революционер, член на болшевишката партия и политически лидер на СССР
УДК код - определител по УДК 929 Сталин, Йосиф Висарионович
УДК определител
УДК - код + определител 929 Сталин, Йосиф Висарионович
100 1# - Редна дума - Автор
Автор Лури, Ричард
Авторска отговорност първи автор
R(LIN) 299398
139 ## - Редно поле
Редна дума Лури, Ричард
Авторски знак Лун - Л 88
245 10 - Сведения за заглавието
Заглавие Сталин
Подзаглавни данни Автобиография : Роман
Редно поле (дума) Ричард Лури; прев. от рус. Жана Гинкова.
257 ## - Страна на издаване
Страна на създаване/издаване Съединени американски щати
260 ## - Област на издателските данни
-- София
Име на издателя, разпространителя и проч. Рива
Година на издаване 2008
Печатница В. Търново : Абагар
300 ## - Физическа характеристика
Страници 280 с.
Размери/Мащаб 20 см
380 ## - Жанр
Жанр Худож. лит.
500 ## - Общи забележки
Забележка Прев. от рус. изд. - Без сведение за ориг. загл.
600 14 - Име на лице, използвано като предмет
За него / За нея Сталин, Йосиф Висарионович
9 (RLIN) 366674
653 ## - Ключова дума – ненормативна
Ключова дума романизувани биографии
653 ## - Ключова дума – ненормативна
Ключова дума Сталин
700 1# - Други автори (авторска отговорност)
Лично име Гинкова, Жана
Автороска отговорност (Описва отношението между автора и произведението) прев. от рус.
9 (RLIN) 299399
852 ## - Местоположение
Форматна сигнатура Цб 240441
856 4# - Електронен адрес и достъп
Електронен формат pdf - файл
Път до файла /url/
856 4# - Електронен адрес и достъп
Електронен формат pdf - файл
Път до файла /url/
942 ## - АРТИКУЛИ
Вид на библиотечния материал Книги
Скрит в OPAC Не
Koha issues (borrowed), all copies 10
944 ## - СЪЗДАВАНЕ И РЕДАКЦИЯ на ЗАПИСА
Създаване/Редакция Създаване
Дата на регистрацията/редакция 12.06.2008
Служител, извършил регистрацията/редакцията Валя_Йорданова
944 ## - СЪЗДАВАНЕ И РЕДАКЦИЯ на ЗАПИСА
Създаване/Редакция Редакция
Дата на регистрацията/редакция 02.11.2010
Служител, извършил регистрацията/редакцията
999 ## - СИСТЕМНИ КОНТРОЛНИ НОМЕРА
Koha biblionumber 79876
Koha biblioitemnumber 79876
Наличности
Код за отписване Код за изгубен артикул Източник на класификационната схема Код за повреда Коз за рестрикции Код за отдаване Артикулен № Име на библиотеката - собственик Име на библиотеката, в която се намира в момента Статус (Текущо местоположение) Дата на вписване в системата Местоположение - отдел Цена в лева Инвентарен номер Систематично азбучна сигнатура Баркод Номер на екземпляра Цена в евро Служебна бележка Служебен тип на артикула
Изтеглен Не е изгубен Universal Decimal Classification Не е повреден без рестрикции заемане за дома 129172 Регионална библиотека "Любен Каравелов" Русе Регионална библиотека "Любен Каравелов" Русе Заемна - подръчен фонд 2008-06-12 Заемна - подръчен фонд 12.00 120000727096 П 820(73)-31/Л 88 120000727096 1 6.14 Дост: Pk Вид: Ф N: 188 Дата: 12.06.2008 Дата инв: 07.03.2018 Бележки инв: П2018 Книги
  Не е изгубен   Не е повреден без рестрикции ползва се в читалня 129173 Регионална библиотека "Любен Каравелов" Русе Регионална библиотека "Любен Каравелов" Русе Хранилище 2010-11-03 Хранилище 12.00 120000746978 Цб 240441 120000746978 2 6.14 Дост: Dp Вид: Д N: 9 Дата: 17.02.2010 Книги
Vip Innovations Ltd, Rousse, Bulgaria 2025